<?xml version="1.0" encoding="UTF-8"?><?xml-stylesheet type="text/xsl" href="static/style.xsl"?><OAI-PMH xmlns="http://www.openarchives.org/OAI/2.0/" xmlns:xsi="http://www.w3.org/2001/XMLSchema-instance" xsi:schemaLocation="http://www.openarchives.org/OAI/2.0/ http://www.openarchives.org/OAI/2.0/OAI-PMH.xsd"><responseDate>2026-06-29T01:20:35Z</responseDate><request verb="GetRecord" identifier="oai:docta.ucm.es:20.500.14352/104284" metadataPrefix="marc">https://docta.ucm.es/rest/oai/request</request><GetRecord><record><header><identifier>oai:docta.ucm.es:20.500.14352/104284</identifier><datestamp>2025-03-18T12:55:03Z</datestamp><setSpec>com_20.500.14352_14</setSpec><setSpec>col_20.500.14352_15</setSpec></header><metadata><record xmlns="http://www.loc.gov/MARC21/slim" xmlns:dcterms="http://purl.org/dc/terms/" xmlns:xsi="http://www.w3.org/2001/XMLSchema-instance" xmlns:doc="http://www.lyncode.com/xoai" xsi:schemaLocation="http://www.loc.gov/MARC21/slim http://www.loc.gov/standards/marcxml/schema/MARC21slim.xsd">
   <leader>00925njm 22002777a 4500</leader>
   <datafield ind2=" " ind1=" " tag="042">
      <subfield code="a">dc</subfield>
   </datafield>
   <datafield ind2=" " ind1=" " tag="720">
      <subfield code="a">Okutan, Gülşah</subfield>
      <subfield code="e">author</subfield>
   </datafield>
   <datafield ind2=" " ind1=" " tag="720">
      <subfield code="a">Ruiz Casares, Eva</subfield>
      <subfield code="e">author</subfield>
   </datafield>
   <datafield ind2=" " ind1=" " tag="720">
      <subfield code="a">Perucho Alcalde, Teresa</subfield>
      <subfield code="e">author</subfield>
   </datafield>
   <datafield ind2=" " ind1=" " tag="720">
      <subfield code="a">Sánchez Niño, Guerthy Melissa</subfield>
      <subfield code="e">author</subfield>
   </datafield>
   <datafield ind2=" " ind1=" " tag="720">
      <subfield code="a">Penadés, Bruno F.</subfield>
      <subfield code="e">author</subfield>
   </datafield>
   <datafield ind2=" " ind1=" " tag="720">
      <subfield code="a">Terrén Lora, Ana</subfield>
      <subfield code="e">author</subfield>
   </datafield>
   <datafield ind2=" " ind1=" " tag="720">
      <subfield code="a">Torrente Estríngana, Lorena</subfield>
      <subfield code="e">author</subfield>
   </datafield>
   <datafield ind2=" " ind1=" " tag="720">
      <subfield code="a">López Oliva, Sara</subfield>
      <subfield code="e">author</subfield>
   </datafield>
   <datafield ind2=" " ind1=" " tag="720">
      <subfield code="a">San Mauro Martín, Ismael</subfield>
      <subfield code="e">author</subfield>
   </datafield>
   <datafield ind2=" " ind1=" " tag="260">
      <subfield code="c">2023-02-22</subfield>
   </datafield>
   <datafield ind2=" " ind1=" " tag="520">
      <subfield code="a">Diamine oxidase (DAO) is an enzyme that metabolizes intestinal histamine. Single nucleotide polymorphisms (SNPs) of the Amine Oxidase Copper Containing 1 (AOC1) gene can lead to low enzymatic activity or functionality in histamine metabolism. This study aimed to determine the prevalence of DAO deficiency for four variants of the AOC1 gene, p.Thr16Met (rs10156191), p.Ser332Phe (rs1049742), p.His664Asp (rs1049793), and c.691G > T (rs2052129), in 98 Spanish women with fibromyalgia between the ages of 33 and 60 years, and compare the distribution of allelic and genotypic frequencies with those of European population samples in Hardy–Weinberg equilibrium extracted from the Allele Frequency Aggregator (ALFA) database. The patients’ DNA was extracted, and analyzed using SNPE Multiplex (Single Nucleotide Primer Extension). The prevalence of genetic DAO deficiency was 74.5% based on the four variants of the AOC1 gene. SNP deficits were found at frequencies of 53.1% for p.Thr16Met, 49% for c.691G > T, 48% for p.His664Asp, and 19.4% for p.Ser332Phe. The allele and genotypic frequencies of the women with fibromyalgia did not differ from the European population. Variants of the AOC1 gene that are associated with genetic DAO deficiency could serve as a disruptive biomarker in patients with fibromyalgia. This study was registered in ClinicalTrials.gov Identifier: NCT05389761.</subfield>
   </datafield>
   <datafield ind1="8" ind2=" " tag="024">
      <subfield code="a">Okutan G, Ruiz Casares E, Perucho Alcalde T, Sánchez Niño GM, Penadés BF, Terrén Lora A, et al. Prevalence of Genetic Diamine Oxidase (DAO) Deficiency in Female Patients with Fibromyalgia in Spain. Biomedicines. 2023;11(3):660</subfield>
   </datafield>
   <datafield ind1="8" ind2=" " tag="024">
      <subfield code="a">2227-9059</subfield>
   </datafield>
   <datafield ind1="8" ind2=" " tag="024">
      <subfield code="a">10.3390/biomedicines11030660</subfield>
   </datafield>
   <datafield ind1="8" ind2=" " tag="024">
      <subfield code="a">https://hdl.handle.net/20.500.14352/104284</subfield>
   </datafield>
   <datafield ind1="8" ind2=" " tag="024">
      <subfield code="a">https://www.mdpi.com/2227-9059/11/3/660</subfield>
   </datafield>
   <datafield ind2="0" ind1="0" tag="245">
      <subfield code="a">Prevalence of genetic Diamine Oxidase (DAO) deficiency in female patients with fibromyalgia in Spain</subfield>
   </datafield>
</record></metadata></record></GetRecord></OAI-PMH>